000 00977cam a2200253 i 4500
003 SA-RiAUC
005 20250524063605.0
008 250511s1996 su g 000r0 ara c
020 _a9960795020
040 _aSA-RiAUC
_bara
_cSA-RiAUC
_erda
082 0 4 _a810.9
_qSA-RiAUC
090 _a810.9
_bظ ا هـ
100 1 _aالظاهري، أبو عبد الرحمن بن عقيل،
_d1357 هجري-
_eمؤلف.
245 1 0 _aجدلية العقل الأدبي /
_cكتبه أبو عبد الرحمن بن عقيل الظاهري.
250 _aالطبعة الأولى.
264 1 _aالرياض :
_bدار ابن حزم للنشر والتوزيع،
_c1996
300 _a115 صفحة ؛
_c22 سم
336 _aنص
_btxt
_2rdacontent
_3كتاب
337 _aبدون وسيط
_bn
_2rdamedia
338 _aمجلد
_bnc
_2rdacarrier
650 7 _aالأدب العربي
_xتاريخ ونقد
_2aucsh
942 _2ddc
_cBOOK
_n0
949 _aSA-JeALM
_d250511
_umohamedma123
_n1
999 _c8336
_d8336